| 000 | 00347nam a22001457a 4500 | ||
|---|---|---|---|
| 003 | SGT | ||
| 082 |
_a362 _bP91C |
||
| 100 | _aCERVER,FRANCISCO ASENSIO | ||
| 245 | _aPUBLIC INTERIORS : EUROPEAN MASTERS/3. | ||
| 250 | _a1ST | ||
| 260 |
_aSAUTH ASIA _bEDICIONES ATRIUM S.A _c1991 |
||
| 300 | _a255 | ||
| 650 | _aMASS COMMUNICATION | ||
| 942 |
_2ddc _cBK |
||
| 999 |
_c12923 _d12923 |
||